Human Rights LL.B. Part-III / (Record no. 613996)

000 -LEADER
fixed length control field 00297nam a22001217a 4500
082 ## - DEWEY DECIMAL CLASSIFICATION NUMBER
Classification number 341.48101
Author Mark ZAF
100 ## - MAIN ENTRY--PERSONAL NAME
Personal name Zafarullah
245 ## - TITLE STATEMENT
Title Human Rights LL.B. Part-III /
Statement of responsibility, etc. Zafarullah
260 ## - PUBLICATION, DISTRIBUTION, ETC.
Place of publication, distribution, etc. Lahore:
Name of publisher, distributor, etc. KLR Publications,
Date of publication, distribution, etc. N.A.
300 ## - PHYSICAL DESCRIPTION
Extent 152 p.
563 ## - BINDING INFORMATION
Binding note PB.
942 ## - ADDED ENTRY ELEMENTS (KOHA)
Source of classification or shelving scheme
Koha item type Book
Holdings
Withdrawn status Lost status Source of classification or shelving scheme Damaged status Not for loan Permanent Location Current Location Date acquired Total Checkouts Full call number Barcode Date last seen Price effective from Koha item type
          NUST Law School (NLS) NUST Law School (NLS) 06/29/2025   341.48101 ZAF NLS-2928 06/29/2025 06/29/2025 Book
          NUST Law School (NLS) NUST Law School (NLS) 06/29/2025   341.48101 ZAF NLS-2929 06/29/2025 06/29/2025 Book
          NUST Law School (NLS) NUST Law School (NLS) 06/29/2025   341.48101 ZAF NLS-2930 06/29/2025 06/29/2025 Book
          NUST Law School (NLS) NUST Law School (NLS) 06/29/2025   341.48101 ZAF NLS-2931 06/29/2025 06/29/2025 Book
© 2023 Central Library, National University of Sciences and Technology. All Rights Reserved.